00883nam a2200265 i 450000500170000000700030001700800410002002000150006104000350007604100080011108200240011910000240014324500660016725000220023326400510025530000250030633600270033133700330035833800280039152100540041965000310047365000360050465000480054070000290058820220316235207.0ta200421s1999 ag gr 000 0 spa d a9507249281 aCO-BoRNBPbspaerdacCO-BoRNBP0 aspa04a362.8292 bS15V2231 aSanz, Dianaeautora10aViolencia y abuso en la familiacDiana Sanz, Alejandro Molina aPrimera edición 1aBuenos Aires, ArgentinabLumen Argentinac1999 a352 páginasc22 cm atextobtxt2rdacontent asin mediaciónbn2rdamedia avolumenbnc2rdacarrier aRecomendado para una audiencia mayor a 17 años 17aViolencia familiar2ARMARC17aAbuso sexual de menores2ARMARC17aVíctimas de la violencia familiar2ARMARC1 aMolina, Alejandroeautor